000 00638nam a2200181Ia 4500
008 090123s9999 xx 000 0 und d
082 _b18548
100 _aटिळेकर चंद्रसेन
245 _aगणक यंत्राचे अंतरंग
250 _a1
260 _bमेहता प्रकाशन
_c1990
300 _a91
600 _aटिळेकर चंद्रसेन
630 _aगणक यंत्राचे अंतरंग
700 _aटिळेकर चंद्रसेन
730 _aगणक यंत्राचे अंतरंग
942 _cBOOK
999 _c56611
_d56611